00580nam a22001697a 450000500170000001000150001702000260003203500130005803700130007124501320008426000310021627000780024730000240032550000190034970000220036870000200039020130618124855.0 aENG-107452 a9780415832076c695.00 aEN-90985 bDBAD/PUB aBeyond inclusion :cedited by Satish Deshpande [and] Usha Zacharias bthe practice of equal access in Indian higher education / aNew DelhibRoutledgec2013 a912 Tolstoy House, 15-17 Tolstoy Marg, Connaught PlacebNew Delhie110001 axii,340p.c23cm(Hb) aincludes index aDeshpande, Satish aZacharias, Usha